| 000 | 01907nam0a2200373 4500 | ||
|---|---|---|---|
| 001 | RU\NLR\bibl\1481962 | ||
| 005 | 20260409071411.0 | ||
| 010 |
_a978-5-902948-25-8 _9300 |
||
| 021 |
_aRU _b2009-108995 _96941 |
||
| 035 | _a(nilc)RSL-KNO-004568442 | ||
| 035 | _a(NLR Aleph) 001473600 | ||
| 090 |
_a1659156 _c1659156 |
||
| 100 | _a20100114d2007 |||y0rusy50 ca | ||
| 101 | 0 | _arus | |
| 102 | _aRU | ||
| 105 | _aa zzzz||||| | ||
| 200 | 1 |
_aЯзыковое сознание: парадигмы исследований _e[сборник статей _eпо материалам постоянно действующего семинара, 2007 г.] _fпод ред. Н. В. Уфимцевой, Т. Н. Ушаковой |
|
| 210 |
_aМосква _cИн-т языкознания РАН _cИн-т психологии РАН _aКалуга _cЭйдос _d2007 |
||
| 215 |
_a347 с. _cил., табл. _d21 |
||
| 300 | _aВ надзаг.: Российская акад. наук, Ин-т языкознания, Ин-т психологии | ||
| 320 | _aБиблиогр. в конце ст. | ||
| 606 |
_aЯзыковое сознание _jСъезды, совещания и т.п. _3RU\NLR\auth\66662719 _91523678 |
||
| 686 |
_aШ100.13я43 _2rubbk |
||
| 686 |
_aЮ935.132-46я43 _2rubbk |
||
| 686 | _aЮ935.132-8я431 | ||
| 702 | 1 |
_aУфимцева _bН. В. _gНаталья Владимировна _4340 |
|
| 711 | 0 | 2 |
_4070 _a"Язык. Сознание. Культура: детерминационная зависимость", постоянно действующий семинар _cМосква _3RU\NLR\AUTH\8810036938 _9572580 |
| 712 | 0 | 2 |
_4570 _aИнститут языкознания _cМосква _3RU\NLR\AUTH\8818281 _9309757 |
| 801 | 0 |
_aRU _bRuMoRGB _c20100114 _grcr |
|
| 801 | 1 |
_aRU _bRuMoRGB _c20100114 |
|
| 801 | 2 |
_aRU _bNLR _c20100306 _grcr |
|
| 942 | _cBOOK | ||
| 980 | _aNB | ||